Statistics for Středočeský kraj - obce nad 5 tisíc obyvatel

Click here to take the quiz!

General Stats

  • This quiz has been taken 365 times
  • The average score is 19 of 38

Answer Stats

Počet obyvatelObec% Correct
65 848Kladno
94%
37 758Mladá Boleslav
93%
30 092Kolín
88%
18 587Beroun
85%
19 722Kutná Hora
83%
15 993Benešov
82%
32 387Příbram
82%
18 893Mělník
78%
14 730Nymburk
78%
15 293Rakovník
70%
17 124Brandýs nad Labem-Stará Boleslav
69%
14 918Říčany
69%
13 641Poděbrady
68%
15 044Slaný
62%
17 331Kralupy nad Vltavou
61%
15 722Neratovice
56%
8 873Dobříš
48%
10 065Čáslav
46%
9 220Lysá nad Labem
46%
11 473Vlašim
45%
6 902Černošice
44%
6 848Český Brod
42%
6 389Úvaly
40%
7 108Sedlčany
37%
7 066Benátky nad Jizerou
35%
11 561Čelákovice
35%
7 809Jesenice
34%
8 395Mnichovo Hradiště
34%
10 612Milovice
32%
6 352Hořovice
31%
8 432Králův Dvůr
31%
7 836Roztoky
31%
7 540Hostivice
28%
5 648Mníšek pod Brdy
28%
5 390Nové Strašecí
17%
5 458Stochov
15%
5 598Týnec nad Sázavou
14%
5 678Odolena Voda
13%

Score Distribution

Percentile by Number Answered

Percent of People with Each Score

Your Score History

You have not taken this quiz